000 00654nam a2200193Ii 4500
003 JO-AjNU
008 230605s9999||||xx |||||||||||||| ||und||
040 _aJO-AjNU
_bara
_erda
_cJO-AjNU
041 _aara
050 1 4 _aBH41.A7.1980
100 3 _aالعشماوي،محمد زكي,
_eauthor
_915942
245 0 0 _aفلسفة الجمال في الفكر المعاصر
264 3 1 _aبيروت:دار النهضة العربية للطباعة والنشر ،1980
300 _a243ص
336 _atext
_btxt
_2rdacontent
337 _aunmediated
_bn
_2rdamedia
338 _avolume
_bnc
_2rdacarrier
650 4 _aجمال-علم-فن-تحليل
_915943
999 _aA4617
_c8185
_d8185